| 000 | 00447nam a2200157 4500 | ||
|---|---|---|---|
| 001 | 107764 | ||
| 003 | ES-MaACL | ||
| 005 | 20230906184503.0 | ||
| 007 | t| | ||
| 008 | 061121s1962 sp r ||||1| spa d | ||
| 100 | 1 |
_aMoreno de la Cova, Félix. _983356 |
|
| 245 | 1 | 0 |
_aReforma agraria y desarrollo económico / _cFélix Moreno de la Cova. |
| 260 |
_a[Sevilla : _bs.n., _c1962] |
||
| 300 |
_a45 p. ; _c16. |
||
| 852 |
_aES-MaACL _jC-21503 _bR.49879 |
||
| 999 |
_c107764 _d107764 |
||